Célébrités commençant par la lettre N - Statistiques

Statistiques générales
  • Ce quiz a été pris 420 fois
  • Le résultat moyen est 6 sur 10
Statistiques - réponses
Par images Réponse % Correct
Neymar
94%
Nekfeu
82%
Niska
73%
Nabilla
71%
Nicki Minaj
69%
Novak Djokovic
59%
Nina Dobrev
46%
Nej
36%
Naomi Campbell
31%
Nicolas Anelka
29%
Aucun quiz correspondant
Distribution des résultats
% des personnes avec chaque résultat
Percentile par nombre de réponses
Votre historique - résultats
Vous n’avez pas pris ce quiz